000 00637nam a2200241Ia 4500
003 OSt
005 20220918174621.0
006 a|||||r|||| 00| 0
007 ta
008 220917b |||||||| |||| 00| 0 eng d
024 _a13,135
037 _cTextual
040 _aARTS
_cARTS
_beng
041 _2eng
_aeng
082 _a/\2:36, L6
100 _aMisra L K ed
_951112
245 0 _aArt and science of meditation
260 _aGlenview
_bThe Himalayan International Institute
_c1976
300 _a112p.
_ccm.
650 _aSPIRITUALISM
942 _h/\2:36, L6
_cTEXL
_2CC
999 _c153942
_d153942